Normal view
MARC view
- ادارة الازمات-جائحة كورونا-الموظفون-مؤسسة الضمان الاجتماعي-الاردن
Entry Topical Term
001 - CONTROL NUMBER
- control field: 61039
003 - CONTROL NUMBER IDENTIFIER
- control field: JO-AjAnu
005 - DATE AND TIME OF LATEST TRANSACTION
- control field: 20230606083956.0
008 - FIXED-LENGTH DATA ELEMENTS
- fixed length control field: 230606|| aca||aabn | a|a d
040 ## - CATALOGING SOURCE
- Original cataloging agency: JO-AjAnu
- Transcribing agency: JO-AjAnu
150 ## - HEADING--TOPICAL TERM
- Topical term or geographic name entry element: ادارة الازمات-جائحة كورونا-الموظفون-مؤسسة الضمان الاجتماعي-الاردن
670 ## - SOURCE DATA FOUND
- Source citation: Work cat.: (JO-AjAnu)31133: اعداد شطناوي، غيث علي عبد القادر؛ اشراف علي فلاح الزعبي , author 61038, اثر خصائص المنظمة المتعلمة في ادارة الازمات في ظل جائحة كورونا لدى العاملين في المؤسسة العامة للضمان الاجتماعي في الاردن = The Impact of Learning Organization Characteristics in Crisis Management in the Contex of the Corona Pandemic among Examployees of the Generl Social Security Corporation in Jordan